[Event "WCh-Junior Girls"]
[Site "Gaziantep TUR"]
[Date "2008.08.04"]
[Round "2"]
[White "Majdan,J"]
[Black "Nikolova,A"]
[Result "1-0"]
[WhiteElo "2323"]
[BlackElo "2242"]
[EventDate "2008.08.03"]

1. e4 c5 2. Nf3 d6 3. d4 cxd4 4. Nxd4 Nf6 5. Nc3 a6 6. Bg5 e6 7. f4 Be7 8.
Qf3 Qc7 9. O-O-O Nbd7 10. g4 b5 11. Bxf6 Nxf6 12. g5 Nd7 13. f5 Nc5 14. f6
gxf6 15. gxf6 Bf8 16. Rg1 h5 17. Kb1 b4 18. Nd5 exd5 19. exd5 Nd7 20. Re1+
Ne5 21. Nc6 Bb7 22. Bh3 a5 23. Rg5 Bxc6 24. dxc6 Rh6 25. Qf4 Rg6 26. Rgxe5+
dxe5 27. Rxe5+ Kd8 28. Rd5+ Bd6 29. a4 Ke8 30. Bd7+ Kf8 31. Qxd6+ Qxd6 32.
Rxd6 b3 33. cxb3 Rg1+ 34. Ka2 Rc1 35. Rd3 Kg8 36. Rc3 Rd1 37. Rg3+ Kh7 38.
Bf5+ Kh6 39. c7 Rf1 40. c8=Q Rxc8 41. Bxc8 Rxf6 42. Bb7 h4 43. Rf3 Rd6 44.
Rxf7 Rd2 45. h3 Rd3 46. Bc8 Rd8 47. Bg4 Kg6 48. Rf5 Ra8 49. Ka3 Ra7 50. Rb5
Ra8 51. b4 axb4+ 52. Kxb4 1-0

[Event "WCh-Junior Girls"]
[Site "Gaziantep TUR"]
[Date "2008.08.13"]
[Round "11"]
[White "Ozturk,Ku"]
[Black "Harika,D"]
[Result "0-1"]
[WhiteElo "2188"]
[BlackElo "2461"]
[EventDate "2008.08.03"]

1. Nf3 d6 2. d4 Bg4 3. g3 Bxf3 4. exf3 d5 5. Bg2 Nf6 6. O-O e6 7. c4 Be7 8.
Qb3 Nc6 9. Be3 O-O 10. Nd2 Na5 11. Qc3 Nxc4 12. Nxc4 dxc4 13. Qxc4 c6 14.
Rfd1 Qd7 15. a3 Nd5 16. f4 Rfd8 17. Bf3 Qd6 18. Rac1 Rd7 19. Qb3 Rad8 20.
Bd2 Qc7 21. Kg2 Bf6 22. Be3 Qb8 23. Rd3 Ne7 24. Rcd1 Nf5 25. Be4 Nd6 26.
Bf3 Qc7 27. Qa4 Nc8 28. Qc2 Nb6 29. b4 Nd5 30. Qc4 a6 31. Be4 g6 32. Qb3
Rd6 33. R1d2 Qe7 34. Qc4 R6d7 35. Rd1 Qf8 36. Bf3 Qg7 37. Be4 Ne7 38. Qc5
Nc8 39. Bf3 Nd6 40. a4 Qf8 41. h3 Nf5 42. Be4 Be7 43. Qc2 Bxb4 44. g4 Ne7
45. Qe2 Nd5 46. Rc1 Qd6 47. f5 exf5 48. gxf5 Re8 49. Qf3 Qe7 50. Bxd5 Rxd5
51. fxg6 fxg6 52. Bh6 Rg5+ 0-1

[Event "WCh-Junior Girls"]
[Site "Gaziantep TUR"]
[Date "2008.08.13"]
[Round "11"]
[White "Severiukhina,Z"]
[Black "Muzychuk,M"]
[Result "1/2-1/2"]
[WhiteElo "2300"]
[BlackElo "2413"]
[EventDate "2008.08.03"]

1. e4 d5 2. exd5 Nf6 3. d4 Nxd5 4. Nf3 g6 5. Be2 Bg7 6. O-O O-O 7. Re1 c5
8. c4 Nb4 9. a3 N4c6 10. d5 Nd4 11. Nxd4 cxd4 12. Bf3 Qc7 13. Nd2 e5 14.
dxe6 Bxe6 15. b3 Nc6 16. Ne4 Ne5 17. Ra2 Nxf3+ 18. Qxf3 Qc6 19. Bg5 Bf5 20.
Nf6+ Kh8 21. Nd5 Rfe8 22. Rae2 Rxe2 23. Qxe2 Be6 24. Qe4 a6 25. h4 h6 26.
Bf4 Rd8 27. Be5 Bxd5 28. Bxg7+ Kxg7 29. Qxd4+ Qf6 30. Qxf6+ Kxf6 31. cxd5
Rxd5 32. Re3 Rd2 33. g3 Rb2 1/2-1/2

[Event "WCh-Junior Girls"]
[Site "Gaziantep TUR"]
[Date "2008.08.13"]
[Round "11"]
[White "Mikadze,M"]
[Black "Nemcova,Kat"]
[Result "1/2-1/2"]
[WhiteElo "2258"]
[BlackElo "2372"]
[EventDate "2008.08.03"]

1. d4 d5 2. Nc3 Bf5 3. Bg5 h6 4. Bh4 c6 5. e3 Nf6 6. Bd3 Bxd3 7. Qxd3 Nbd7
8. f4 e6 9. Nge2 Bd6 10. e4 dxe4 11. Nxe4 Qa5+ 12. Nd2 Bc7 13. c3 O-O-O 14.
O-O g5 15. Bg3 Nh5 16. b4 Qd5 17. c4 Qd6 18. c5 Qf8 19. b5 Nxc5 20. Qc2
Nxg3 21. hxg3 Qd6 22. bxc6 Na6 23. cxb7+ Kb8 24. Qa4 Bb6 25. Nf3 gxf4 26.
gxf4 f6 27. Qc4 Kxb7 28. a4 Qd5 29. Qxd5+ Rxd5 30. Rfb1 Ka8 31. Kf1 Rc8 32.
Rc1 Rxc1+ 33. Rxc1 Kb7 34. g4 Nb4 35. Kg2 Ra5 36. Nc3 Nd3 37. Rh1 Nxf4+ 38.
Kg3 Bc7 39. Kf2 h5 40. gxh5 Rxh5 41. Rb1+ Kc6 42. Ne4 Rh6 43. Rc1+ Kd7 44.
Rb1 Bb6 45. a5 Bxa5 46. Rb7+ Bc7 47. Rxa7 Nd5 48. Nc5+ Kd6 49. Ra6+ Nb6 50.
Ra7 Nd5 51. Ra6+ Bb6 52. Na4 Kc6 53. Nxb6 Nxb6 54. Ra5 Rh8 55. Ra7 Ra8 56.
Re7 Kd6 57. Rf7 Ra2+ 58. Ke1 f5 59. Nh4 Ra5 60. Rf6 Rd5 61. Nf3 Ra5 62. Ng5
Nc4 1/2-1/2

[Event "WCh-Junior Girls"]
[Site "Gaziantep TUR"]
[Date "2008.08.13"]
[Round "11"]
[White "Kazimova,N"]
[Black "Nakhbayeva,G"]
[Result "1-0"]
[WhiteElo "2148"]
[BlackElo "2170"]
[EventDate "2008.08.03"]

1. c4 e5 2. Nc3 Nf6 3. Nf3 Nc6 4. d4 exd4 5. Nxd4 Bb4 6. Bg5 h6 7. Bh4 O-O
8. Rc1 Re8 9. e3 Nxd4 10. Qxd4 g5 11. Bg3 c5 12. Qd1 d5 13. cxd5 Nxd5 14.
Bb5 Bd7 15. Bxd7 Qxd7 16. O-O Rad8 17. Nxd5 Qxd5 18. Bc7 Rd7 19. Qxd5 Rxd5
20. Rcd1 Rxd1 21. Rxd1 Re7 22. Bd8 Re4 23. a3 Bxa3 24. bxa3 Ra4 25. Be7 b6
26. Ra1 Kg7 27. Kf1 f6 28. Ke2 Kf7 29. Bd6 Ke6 30. Bb8 h5 31. Kd3 h4 32.
Kc3 b5 33. Kb2 Rg4 34. g3 Ra4 35. gxh4 gxh4 36. Bf4 Kf5 37. f3 Rxf4 38.
exf4 Kxf4 39. Rf1 Ke3 40. f4 f5 41. Kc2 Ke2 42. Rb1 Kf3 43. Rxb5 1-0

[Event "WCh-Junior Girls"]
[Site "Gaziantep TUR"]
[Date "2008.08.13"]
[Round "11"]
[White "Soumya,Sw"]
[Black "Mamedjarova,T"]
[Result "1-0"]
[WhiteElo "2293"]
[BlackElo "2284"]
[EventDate "2008.08.03"]

1. e4 e5 2. Nf3 Nf6 3. Nc3 Bb4 4. Bc4 d6 5. O-O O-O 6. Nd5 Nxd5 7. Bxd5 c6
8. Bb3 Qf6 9. c3 Ba5 10. d4 Bg4 11. h3 Bxf3 12. Qxf3 Qxf3 13. gxf3 Nd7 14.
f4 Rae8 15. fxe5 dxe5 16. f3 Bb6 17. Be3 Kh8 18. Bc2 exd4 19. Bxd4 c5 20.
Bf2 Ne5 21. f4 Nc4 22. e5 Nxb2 23. Be4 f6 24. a4 fxe5 25. a5 Bc7 26. Bxc5
Rxf4 27. Bxb7 Nc4 28. Bd5 Nd6 29. Rxf4 exf4 30. Bxa7 Re5 31. Bb6 Rg5+ 32.
Kf1 Rxd5 33. Bxc7 Nc8 34. Re1 1-0

[Event "WCh-Junior Girls"]
[Site "Gaziantep TUR"]
[Date "2008.08.13"]
[Round "11"]
[White "Bodnaruk,A"]
[Black "Corke,A"]
[Result "1-0"]
[WhiteElo "2394"]
[BlackElo "2255"]
[EventDate "2008.08.03"]

1. e4 e6 2. d4 d5 3. Nc3 Nc6 4. e5 f6 5. Bb5 Bd7 6. Nf3 Qe7 7. O-O Qf7 8.
Re1 Nge7 9. Qe2 O-O-O 10. a4 fxe5 11. dxe5 h6 12. a5 Nf5 13. Rd1 g5 14. h3
Rg8 15. a6 b6 16. Nxd5 exd5 17. e6 Qxe6 18. Qxe6 Bxe6 19. Bxc6 Bg7 20. Re1
Bf7 21. g4 Nd6 22. Ne5 Bf6 23. Bb7+ Nxb7 24. axb7+ Kxb7 25. Nxf7 Rde8 26.
Bd2 Bxb2 27. Rab1 Bg7 28. f4 gxf4 29. Bxf4 Bd4+ 30. Kg2 Rgf8 31. Rxe8 Rxe8
32. Nxh6 Re2+ 33. Kf3 Rf2+ 34. Kg3 Rxc2 35. Nf5 Bf2+ 36. Kf3 Bc5 37. g5
Rf2+ 38. Kg3 Re2 39. h4 Re8 40. g6 a5 41. g7 a4 42. h5 a3 43. h6 1-0

[Event "WCh-Junior Girls"]
[Site "Gaziantep TUR"]
[Date "2008.08.13"]
[Round "11"]
[White "Foisor,S"]
[Black "Nikolova,A"]
[Result "1/2-1/2"]
[WhiteElo "2337"]
[BlackElo "2242"]
[EventDate "2008.08.03"]

1. d4 Nf6 2. c4 e6 3. Nc3 Bb4 4. Qc2 c5 5. dxc5 O-O 6. Nf3 Bxc5 7. g3 b6 8.
Bg2 Bb7 9. O-O Nc6 10. a3 Qc8 11. Rd1 h6 12. b4 Be7 13. Bb2 a5 14. Na4 Qc7
15. b5 Nb8 16. Bd4 Bc5 17. Nxc5 bxc5 18. Be5 Qc8 19. Bd6 Re8 20. Ne5 Bxg2
21. Kxg2 Qb7+ 22. f3 Qb6 23. a4 Nd5 24. Rxd5 exd5 25. Qf5 f6 26. Qg6 Rxe5
27. Bxe5 Qe6 28. Bf4 Qxe2+ 29. Kh3 Qe6+ 30. g4 dxc4 31. Qe4 Qxe4 32. fxe4
d5 33. exd5 Nd7 34. Bc7 Ra7 35. d6 Kf7 36. Re1 c3 37. Rc1 Ke6 38. Rxc3 Kd5
39. Kg3 c4 40. Kf2 Kd4 41. Rc1 Kd3 42. Ke1 c3 43. Kd1 g6 44. Rc2 Kc4 45.
Re2 Kb3 46. Kc1 Nc5 47. Re3 Rb7 48. Bxa5 Kxa4 49. Bxc3 Rd7 50. Bxf6 Rxd6
51. Be7 Rd5 52. b6 Kb5 53. b7 Nxb7 54. Re6 Rd7 55. Kc2 Kc4 56. Bf8 h5 57.
Rxg6 Rf7 58. Bh6 Rf2+ 59. Bd2 Nc5 60. Kd1 Rxh2 61. gxh5 Ne4 62. Be1 Kd3 63.
Ra6 Rxh5 64. Ra3+ Kd4 65. Ra4+ Ke3 66. Ra3+ Kf4 67. Bd2+ Ke5 1/2-1/2

[Event "WCh-Junior Girls"]
[Site "Gaziantep TUR"]
[Date "2008.08.13"]
[Round "11"]
[White "Abrahamyan,T"]
[Black "Guo Qi"]
[Result "1/2-1/2"]
[WhiteElo "2277"]
[BlackElo "2048"]
[EventDate "2008.08.03"]

1. e4 e6 2. d3 d5 3. Nd2 Nf6 4. Ngf3 b6 5. g3 dxe4 6. dxe4 Bb7 7. Qe2 Ba6
8. c4 Nc6 9. e5 Nd7 10. Bg2 Bb7 11. O-O Nc5 12. Nb3 Qd3 13. Qxd3 Nxd3 14.
Nfd4 Ndxe5 15. f4 O-O-O 16. fxe5 Nxd4 17. Bg5 Rd7 18. Nxd4 Bc5 19. Bxb7+
Kxb7 20. Be3 Bxd4 21. Bxd4 Rxd4 22. Rxf7 Rhd8 23. Rxg7 Rxc4 24. Rxh7 Rd2
25. b3 Rcc2 26. a4 Re2 27. Kh1 Rxe5 28. Rg1 b5 29. axb5 Rxb5 30. g4 Rg5 31.
h4 Rd5 32. Rg2 Rc3 33. Re2 Rd4 34. g5 Rh3+ 35. Kg2 Rdd3 36. b4 Rdg3+ 37.
Kf2 Rg4 38. Re3 Rf4+ 39. Ke2 Rh2+ 40. Kd3 Rhxh4 41. Rxh4 Rxh4 42. Rg3 Kc6
43. Kc3 Kd5 44. g6 Rh8 45. Rg5+ e5 46. g7 Rg8 47. Kd3 Ke6 48. Ke4 Kf6 49.
Rf5+ Kxg7 50. Rg5+ Kf7 51. Rxg8 Kxg8 52. Kxe5 Kf7 53. Kd5 Ke7 54. Kc6 Kd8
55. Kb7 Kd7 56. Kxa7 1/2-1/2

[Event "WCh-Junior Girls"]
[Site "Gaziantep TUR"]
[Date "2008.08.13"]
[Round "11"]
[White "Dauletova,G"]
[Black "Paikidze,N"]
[Result "0-1"]
[WhiteElo "2267"]
[BlackElo "2277"]
[EventDate "2008.08.03"]

1. e4 c5 2. Nf3 Nc6 3. d4 cxd4 4. Nxd4 Nf6 5. Nc3 e5 6. Ndb5 d6 7. Nd5 Nxd5
8. exd5 Nb8 9. Qf3 a6 10. Qa3 b6 11. Be3 Bb7 12. Nc3 Be7 13. Be2 O-O 14.
O-O Nd7 15. Qb4 f5 16. f3 Qc7 17. a4 Rac8 18. Rfd1 Bf6 19. Rac1 Nc5 20. Qa3
Qe7 21. b4 Nd7 22. Nb1 e4 23. f4 g5 24. c4 Qg7 25. Rc2 Kh8 26. Qc1 gxf4 27.
Bxf4 Rg8 28. g3 Qe7 29. a5 bxa5 30. c5 dxc5 31. d6 Qg7 32. bxc5 Be5 33.
Bxe5 Qxe5 34. c6 Rxg3+ 35. hxg3 Qxg3+ 36. Kf1 Rg8 37. Qb2+ Ne5 38. Bf3 e3
39. Qd4 0-1

[Event "WCh-Junior Girls"]
[Site "Gaziantep TUR"]
[Date "2008.08.13"]
[Round "11"]
[White "Alavi,H"]
[Black "Hoolt,S"]
[Result "1-0"]
[WhiteElo "1723"]
[BlackElo "2298"]
[EventDate "2008.08.03"]

1. d4 Nf6 2. Nf3 g6 3. Bf4 Bg7 4. Nbd2 O-O 5. c3 d6 6. e4 Nc6 7. Be2 Nh5 8.
Be3 e5 9. dxe5 dxe5 10. O-O Nf4 11. Bb5 Ne7 12. Qc2 a6 13. Bc4 b5 14. Bb3
Bb7 15. Bc5 h6 16. Rfd1 Qe8 17. a4 g5 18. Nf1 Nfg6 19. Ng3 Qc6 20. Bb4 Rfe8
21. Rd2 Qb6 22. Bxe7 Nxe7 23. Rad1 c6 24. axb5 axb5 25. c4 Red8 26. Rd7
Rxd7 27. Rxd7 Ra1+ 28. Nf1 Bf6 29. c5 Qa6 30. Rd1 Bc8 31. Qd2 Qa7 32. Qd6
Rxd1 33. Bxd1 Kg7 34. Nxe5 Qa1 35. Ng3 Bxe5 36. Qxe5+ Kf8 37. Qh8+ Ng8 38.
Qd4 Qa5 39. Qd6+ Kg7 40. Nh5+ Kh7 41. h3 Qe1+ 42. Kh2 Qxe4 43. Qf8 Qe5+ 44.
f4 gxf4 45. Qxc8 f3+ 46. Ng3 f2 47. Be2 Ne7 48. Qg4 Qxc5 49. Bd3+ Kh8 50.
Qf4 f5 51. Qxh6+ Kg8 52. Qf4 Qd5 53. Bxf5 Nxf5 54. Nxf5 Qc5 55. Ne3 Qxe3
56. Qxe3 f1=Q 57. Qe6+ Kh8 58. Qxc6 Qf4+ 59. g3 Qd2+ 60. Qg2 Qd4 61. Qc2 b4
62. h4 Qe3 63. Qc8+ Kh7 64. Qf5+ Kh8 65. Qh5+ Kg7 66. Qg5+ Qxg5 67. hxg5
Kg6 68. Kg2 b3 69. Kf3 Kxg5 70. Ke3 Kg4 71. Kd3 Kxg3 72. Kc3 Kf4 73. Kxb3
Ke5 74. Kc4 Kd6 75. Kb5 1-0

[Event "WCh-Junior Girls"]
[Site "Gaziantep TUR"]
[Date "2008.08.13"]
[Round "11"]
[White "Tsatsalashvili,K"]
[Black "Sgircea,S"]
[Result "0-1"]
[WhiteElo "2271"]
[BlackElo "2167"]
[EventDate "2008.08.03"]

1. d4 d5 2. Nf3 Nf6 3. c4 dxc4 4. e3 e6 5. Bxc4 c5 6. Qe2 a6 7. dxc5 Bxc5
8. O-O O-O 9. e4 b5 10. Bd3 Bb7 11. e5 Bxf3 12. Qxf3 Nd5 13. a3 Nc6 14. Qe4
g6 15. Bh6 Re8 16. Nd2 Bf8 17. Bxf8 Rxf8 18. Nb3 Rc8 19. Rac1 Qe7 20. f4
Rfd8 21. Kh1 Qa7 22. Rf3 Nde7 23. Rh3 Nd4 24. Rxc8 Rxc8 25. Nd2 Rc1+ 26.
Bf1 Qc5 27. g4 Qd5 28. Kg1 Qxe4 29. Nxe4 Nd5 30. Nf6+ Nxf6 31. exf6 Ne2+
32. Kf2 Nxf4 33. Rb3 g5 34. a4 Nd5 35. axb5 axb5 36. Rxb5 Nxf6 37. Rxg5+
Kf8 38. Bd3 Rh1 39. b4 Rxh2+ 40. Kf3 Rh3+ 41. Ke2 Nd5 42. Kd2 Nxb4 43. Be4
Na6 44. Ke2 h6 45. Ra5 Nc7 46. Rc5 Ne8 47. Rc8 Ke7 48. Bf3 Rh2+ 49. Ke3 Rb2
50. Ra8 Rb3+ 51. Kf2 Rc3 52. Rb8 Rd3 53. Ra8 Rd8 54. Ra7+ Kf8 55. Ke3 Kg7
56. Rb7 Nf6 57. Ra7 Kg6 58. Ra4 Rb8 59. Kf4 Rb5 60. Kg3 h5 61. gxh5+ Nxh5+
62. Kf2 f5 63. Ra6 Nf4 64. Bc6 Rb2+ 65. Kf3 Kg5 66. Ra5 Rb6 67. Bd7 Ng6 68.
Be8 Kf6 69. Bxg6 Kxg6 70. Ra8 e5 71. Rg8+ Kf7 72. Ra8 Rb3+ 73. Ke2 Kf6 74.
Ra5 e4 75. Ra8 Ke5 76. Rh8 Rb2+ 77. Kd1 Kd4 78. Ra8 Ke3 79. Ra3+ Kf4 80.
Ra5 e3 81. Rc5 0-1

[Event "WCh-Junior Girls"]
[Site "Gaziantep TUR"]
[Date "2008.08.13"]
[Round "11"]
[White "Pourkashiyan,A"]
[Black "Preethi,R"]
[Result "1-0"]
[WhiteElo "2269"]
[BlackElo "2183"]
[EventDate "2008.08.03"]

1. e4 c5 2. Nc3 Nc6 3. Bb5 a6 4. Bxc6 bxc6 5. d3 d6 6. f4 Rb8 7. Nf3 g6 8.
O-O Bg7 9. Qe1 Nh6 10. Qh4 f5 11. e5 d5 12. Kh1 Nf7 13. Na4 Rb4 14. Nxc5 e6
15. Qf2 Bf8 16. c3 Rb5 17. Be3 h6 18. a4 Rb8 19. b4 g5 20. Nb3 Bd7 21. Nfd4
Qc7 22. Qe2 Bc8 23. Qh5 Rg8 24. Rae1 Kd8 25. Nxc6+ Qxc6 26. Qxf7 1-0

[Event "WCh-Junior Girls"]
[Site "Gaziantep TUR"]
[Date "2008.08.13"]
[Round "11"]
[White "Nadig,K"]
[Black "Davletbayeva,M"]
[Result "1-0"]
[WhiteElo "2241"]
[BlackElo "2155"]
[EventDate "2008.08.03"]

1. e4 Nf6 2. e5 Nd5 3. d4 d6 4. c4 Nb6 5. f4 dxe5 6. fxe5 Nc6 7. Be3 Bf5 8.
Nf3 e6 9. Nc3 Be7 10. d5 Nb4 11. Nd4 Bg6 12. a3 c5 13. Nxe6 fxe6 14. axb4
cxb4 15. Na4 O-O 16. Nxb6 axb6 17. Rxa8 Qxa8 18. d6 Bd8 19. Be2 Qa5 20. Bd4
Bg5 21. Bg4 Be4 22. Bxe6+ Kh8 23. Rf1 b3+ 24. Ke2 Re8 25. Bd7 Rd8 26. e6
Qb4 27. Bxg7+ Kxg7 28. Qd4+ Kh6 29. h4 Bxh4 30. Qxe4 1-0

[Event "WCh-Junior Girls"]
[Site "Gaziantep TUR"]
[Date "2008.08.13"]
[Round "11"]
[White "Leks,H"]
[Black "Majdan,J"]
[Result "0-1"]
[WhiteElo "2198"]
[BlackElo "2323"]
[EventDate "2008.08.03"]

1. e4 c5 2. Nc3 a6 3. a4 Nc6 4. Nge2 g6 5. d4 cxd4 6. Nxd4 Bg7 7. Nb3 d6 8.
Be2 Nf6 9. O-O O-O 10. Bg5 Be6 11. Re1 Nb4 12. Nd4 Bd7 13. Bf1 h6 14. Bh4
Rc8 15. Qd2 Kh7 16. h3 Re8 17. f4 e5 18. fxe5 dxe5 19. Nf3 Be6 20. Rad1
Qxd2 21. Rxd2 Nd7 22. Bg3 f6 23. Bf2 Bf8 24. Red1 Rc7 25. Ne1 Rec8 26. Ne2
Nc5 27. Bxc5 Bxc5+ 28. Kh2 Kg7 29. c3 Nc6 30. b4 Be7 31. Rb1 Nb8 32. Nc2 f5
33. exf5 gxf5 34. g3 Nd7 35. Bg2 Nb6 36. a5 Na4 37. Ne3 Nxc3 38. Nxc3 Rxc3
39. Bxb7 Rxe3 40. Bxc8 Bxc8 41. Rc2 Be6 42. Rc6 Re2+ 43. Kg1 Bd5 44. Rxa6
Rg2+ 45. Kf1 Rh2 46. Rd1 Rh1+ 47. Ke2 Bc4+ 0-1

[Event "WCh-Junior Girls"]
[Site "Gaziantep TUR"]
[Date "2008.08.13"]
[Round "11"]
[White "Daulyte,D"]
[Black "Wiid,D"]
[Result "1-0"]
[WhiteElo "2288"]
[BlackElo "1931"]
[EventDate "2008.08.03"]

1. e4 c6 2. d4 d5 3. e5 Na6 4. Nc3 Nc7 5. Be3 g6 6. f4 h5 7. Be2 Nh6 8. Nf3
Bg4 9. Ng5 Bxe2 10. Qxe2 Qd7 11. O-O-O Nf5 12. Bf2 e6 13. g3 O-O-O 14. h3
Bh6 15. g4 Bxg5 16. fxg5 Ne7 17. Be3 Kb8 18. Kb1 Nc8 19. Rhf1 Nb6 20. b3
Qe7 21. Rf3 hxg4 22. hxg4 Rh7 23. Qf2 Nd7 24. Rf1 Rf8 25. Ne2 Na6 26. Nf4
Rg7 27. Nd3 Nb4 28. Nxb4 Qxb4 29. Qh2 Qe7 30. a4 Rgg8 31. Ka2 b6 32. Bc1
Rh8 33. Qf2 Rh7 34. Ba3 c5 35. Qd2 Rh4 36. Qf4 Rh7 37. a5 Rg8 38. Qd2 Rgg7
39. axb6 axb6 40. Kb2 Qd8 41. Rc3 Qc7 42. Qe2 Kb7 43. dxc5 d4 44. Qe4+ Kc8
45. Qxd4 b5 46. c6 Nb6 47. Bd6 Qa7 48. Ra1 1-0

[Event "WCh-Junior Girls"]
[Site "Gaziantep TUR"]
[Date "2008.08.13"]
[Round "11"]
[White "Hamrakulova,Y"]
[Black "Ivakhinova,I"]
[Result "1/2-1/2"]
[WhiteElo "2145"]
[BlackElo "2248"]
[EventDate "2008.08.03"]

1. d4 Nf6 2. c4 c5 3. d5 b5 4. cxb5 a6 5. bxa6 g6 6. Nc3 Bxa6 7. Nf3 Bg7 8.
g3 d6 9. Bg2 Nbd7 10. Rb1 O-O 11. O-O Qa5 12. Bd2 Rfb8 13. b3 Ra7 14. Qc2
Qc7 15. Rfd1 Rab7 16. a3 Ra7 17. h3 Qa5 18. a4 Rab7 19. Na2 Qc7 20. Bc3 Re8
21. e4 e6 22. dxe6 Rxe6 23. Ng5 Re8 24. h4 Rbb8 25. Qd2 d5 26. Ba5 Qb7 27.
Nc3 h6 28. Nh3 dxe4 29. Nd5 Nxd5 30. Qxd5 Qxd5 31. Rxd5 Bd3 32. Rd1 Nf6 33.
Rxc5 Rxb3 34. Nf4 Rb1 35. Rxb1 Bxb1 36. Rc1 Ra8 37. Bb6 Ba2 38. a5 Bf8 39.
Bf1 Nd7 40. Ra1 Bb3 41. Be3 Bc5 42. Bxc5 Nxc5 43. Bb5 Ba4 44. Rxa4 Nxa4 45.
Bxa4 Rxa5 46. Bc6 Re5 47. Kf1 Kg7 48. Ke2 f5 49. Ke3 g5 50. hxg5 hxg5 51.
Nd5 Re6 52. Bb7 Re8 53. Bc6 Re6 54. Bb5 Rh6 55. Ne7 Rf6 56. Bd7 Rf7 57.
Nxf5+ Kf6 58. Bc8 Rc7 59. Nd6 Ke5 60. Nxe4 Rxc8 61. Nxg5 Rc3+ 62. Ke2 Kf5
63. Nf3 Rc2+ 64. Nd2 Kg4 65. Ke3 Rc3+ 66. Ke2 Rxg3 67. fxg3 Kxg3 1/2-1/2

[Event "WCh-Junior Girls"]
[Site "Gaziantep TUR"]
[Date "2008.08.13"]
[Round "11"]
[White "Muminova,N"]
[Black "Eric,J"]
[Result "1-0"]
[WhiteElo "2242"]
[BlackElo "2111"]
[EventDate "2008.08.03"]

1. e4 c5 2. b3 Nc6 3. Bb2 d5 4. exd5 Qxd5 5. Nf3 Bf5 6. Nc3 Qd7 7. Bc4 Nf6
8. O-O e6 9. h3 Bg6 10. Re1 Be7 11. Ne5 Nxe5 12. Rxe5 O-O 13. a4 Rad8 14.
d3 Bd6 15. Re1 Bb8 16. Qf3 Qc7 17. g3 a6 18. a5 Bh5 19. Qg2 Rfe8 20. Na4 e5
21. Bc3 Bg6 22. Nb6 Re7 23. Re2 Rde8 24. Rae1 Ba7 25. Nd5 Nxd5 26. Qxd5 Bb8
27. Bd2 h6 28. Bc3 e4 29. Rxe4 Bxe4 30. Rxe4 Rxe4 31. dxe4 Rd8 32. Qf5 Qd7
33. Qg6 Kf8 34. Qxg7+ Ke8 35. Qh8+ Ke7 36. Bf6+ Kd6 37. Qxd8 1-0

[Event "WCh-Junior Girls"]
[Site "Gaziantep TUR"]
[Date "2008.08.13"]
[Round "11"]
[White "Isgandarova,K"]
[Black "Misovic,S"]
[Result "1/2-1/2"]
[WhiteElo "2207"]
[BlackElo "1914"]
[EventDate "2008.08.03"]

1. e4 c5 2. Nc3 Nc6 3. g3 g6 4. Bg2 Bg7 5. d3 e6 6. Be3 d6 7. Qd2 Rb8 8.
Nf3 b5 9. O-O b4 10. Nd1 Nge7 11. Bh6 O-O 12. Bxg7 Kxg7 13. Ne3 f5 14. exf5
exf5 15. d4 f4 16. gxf4 Rxf4 17. dxc5 dxc5 18. Qe2 Bb7 19. Rfd1 Qc7 20. Nc4
Ba6 21. Ng5 Bxc4 22. Qxc4 Rxc4 23. Ne6+ Kg8 24. Nxc7 Rxc2 25. Rac1 Rxb2 26.
Rxc5 Rxa2 27. Rxc6 Nxc6 28. Bd5+ Kf8 29. Bxa2 b3 30. Bb1 a5 31. Rd6 Nb4 32.
Rd7 Kg8 33. Ne6 a4 34. Rg7+ Kh8 35. Ra7 Re8 36. Rxa4 Rxe6 37. Rxb4 Re1+ 38.
Kg2 Rxb1 39. Rb7 Kg8 40. h3 h5 41. Kh2 Kf8 42. Kg2 Ke8 43. Kh2 Kd8 44. Rg7
Kc8 45. Rxg6 Rf1 46. Rb6 Rxf2+ 47. Kg3 Rb2 48. Kh4 Kc7 49. Rb4 Kc6 50. Kxh5
Kc5 51. Rb8 Kc4 52. h4 Rh2 53. Kg5 Kc3 54. h5 Kc2 55. h6 b2 56. Kg6 b1=Q
57. Rxb1 Kxb1 58. h7 1/2-1/2

[Event "WCh-Junior Girls"]
[Site "Gaziantep TUR"]
[Date "2008.08.13"]
[Round "11"]
[White "Tjolsen,K"]
[Black "Padmini,R"]
[Result "1/2-1/2"]
[WhiteElo "2121"]
[BlackElo "2257"]
[EventDate "2008.08.03"]

1. c4 e5 2. g3 Nc6 3. Bg2 g6 4. Nc3 Bg7 5. e4 Nge7 6. Nge2 d6 7. d3 O-O 8.
O-O Bg4 9. h3 Be6 10. Nd5 f5 11. Kh2 Qd7 12. Rb1 h6 13. Be3 Rab8 14. b4 Nd4
15. Nxd4 exd4 16. Bf4 g5 17. Bd2 f4 18. Nxe7+ Qxe7 19. Bf3 fxg3+ 20. fxg3
Be5 21. Qe2 Rf6 22. Bg4 Bxg4 23. Qxg4 Rbf8 24. Kg2 Qf7 25. Rxf6 Qxf6 26.
Qe2 a6 27. a4 Kg7 28. a5 Qf7 29. b5 axb5 30. Rxb5 c6 31. Rb1 Kg6 32. Rg1 h5
33. Rb1 Bg7 34. Rb6 Be5 35. Rb1 Bg7 36. Rb6 Be5 37. Rb1 1/2-1/2

[Event "WCh-Junior Girls"]
[Site "Gaziantep TUR"]
[Date "2008.08.13"]
[Round "11"]
[White "Toth,Sar"]
[Black "Kalashyan,V"]
[Result "0-1"]
[WhiteElo "2151"]
[BlackElo "2049"]
[EventDate "2008.08.03"]

1. c4 Nf6 2. g3 e6 3. Nf3 d5 4. b3 Be7 5. Bg2 O-O 6. O-O c5 7. Bb2 Nc6 8.
cxd5 exd5 9. d4 b6 10. dxc5 bxc5 11. Nc3 Bb7 12. Rc1 Rc8 13. Nh4 d4 14. Na4
Na5 15. Bxb7 Nxb7 16. Nf5 Re8 17. Nxe7+ Qxe7 18. Rc2 Qd7 19. Qd3 Qd5 20.
Rfc1 Red8 21. Ba3 Nd7 22. Qa6 h6 23. Qc4 Qf5 24. Qa6 Qd5 25. Qc4 Qxc4 26.
Rxc4 Nb6 27. R4c2 Nxa4 28. bxa4 Rc6 29. Rb2 Rb6 30. Rb5 Rc8 31. Kf1 f5 32.
Bb2 Nd6 33. Rb3 Ne4 34. Ke1 Rbc6 35. Rb7 Rb6 36. Rxb6 axb6 37. Bxd4 Ra8 38.
Bb2 Rxa4 39. a3 Nd6 40. Be5 Nc4 41. f4 Nxe5 42. fxe5 Rxa3 43. Rd1 c4 44.
Rd8+ Kf7 45. Rd7+ Kf8 46. e6 Re3 47. Rf7+ Ke8 48. Rxf5 Rxe6 49. Rb5 Kd7 50.
Rb4 Rc6 51. Kd2 Kd6 52. Rb5 Kc7 53. Kc3 Re6 54. Kxc4 Rxe2 55. Rf5 Rc2+ 56.
Kb5 Rb2+ 57. Kc4 Rd2 58. h4 Kc6 59. Rf7 Rd7 60. Rf8 b5+ 61. Kc3 Ra7 62. Kb3
Ra4 63. Rc8+ Kd6 64. Rf8 Rg4 65. Rf3 Ke5 66. Re3+ Kd4 67. Rf3 Re4 68. Kb4
Re3 69. Rf4+ Ke5 70. Rf7 Rxg3 71. Kxb5 g6 72. h5 gxh5 73. Kc4 h4 74. Rh7
Kf4 75. Rxh6 h3 76. Kd4 Kf3 77. Rh8 Kg2 78. Ra8 h2 79. Ra2+ Kh3 80. Ra1 Rg1
0-1

[Event "WCh-Junior Girls"]
[Site "Gaziantep TUR"]
[Date "2008.08.13"]
[Round "11"]
[White "Middelveld,M"]
[Black "Klimets,E"]
[Result "1/2-1/2"]
[WhiteElo "2073"]
[BlackElo "2150"]
[EventDate "2008.08.03"]

1. d4 d6 2. c4 e5 3. Nf3 e4 4. Ng5 f5 5. Nc3 Be7 6. Nh3 Nf6 7. e3 c6 8. Be2
Na6 9. O-O Nc7 10. Rb1 O-O 11. b4 Kh8 12. b5 cxb5 13. Nxb5 Nxb5 14. Rxb5 b6
15. Ba3 Ng4 16. Nf4 Bd7 17. Rb2 Nf6 18. Qb3 g5 19. Nd5 Nxd5 20. cxd5 Qe8
21. f3 exf3 22. Bxf3 g4 23. Bd1 Qg6 24. g3 Bg5 25. Re2 Rac8 26. Qb4 Qe8 27.
Rfe1 Bb5 28. Rf2 Rf6 29. e4 fxe4 30. Rxf6 Bxf6 31. Bb2 Bd3 32. Qxd6 Bg7 33.
Ba1 Rd8 34. Qf4 h5 35. Be2 Bxe2 36. Rxe2 Qb5 37. Qxe4 Qxd5 38. Qxd5 Rxd5
39. Re8+ Kh7 40. Re7 a5 41. Kf2 Rf5+ 42. Ke2 Kg6 43. Re6+ Rf6 44. Re5 Rf3
45. Re6+ Kf5 46. Re3 Rxe3+ 47. Kxe3 b5 48. Kd3 Bf6 49. Bc3 Bd8 50. d5 Bc7
51. d6 Bxd6 52. Bxa5 Bc5 53. Bd8 Bg1 54. Ke2 Ke4 55. Be7 Kd5 56. Bf8 Kc4
57. Be7 b4 58. Bf6 Kb5 59. Kf1 Bc5 60. Ke2 Kc4 61. Be5 Bg1 62. Kf1 Bd4 63.
Bd6 Kb5 64. Ke2 Ka4 65. Be7 Ka3 66. Kd3 Bg1 67. Kc4 Kxa2 68. Bxb4 Bxh2 69.
Be1 Bg1 70. Kd3 Kb3 71. Ke4 Kc4 72. Ba5 Bf2 73. Bc7 Kc3 74. Kf4 Kd3 75. Kg5
Ke4 76. Kxh5 Kf3 77. Kh4 Bc5 78. Be5 Be7+ 79. Kh5 Bd8 1/2-1/2

[Event "WCh-Junior Girls"]
[Site "Gaziantep TUR"]
[Date "2008.08.13"]
[Round "11"]
[White "Hegarty,S"]
[Black "Ikonomopoulou,M"]
[Result "1-0"]
[WhiteElo "1966"]
[BlackElo "2074"]
[EventDate "2008.08.03"]

1. e4 c5 2. Nf3 d6 3. d4 cxd4 4. Nxd4 Nf6 5. Nc3 g6 6. Bc4 Bg7 7. f3 Nc6 8.
Be3 O-O 9. Qd2 Bd7 10. h4 h5 11. Nxc6 bxc6 12. Bh6 Qc7 13. Bb3 Rab8 14. g4
e6 15. gxh5 Nxh5 16. O-O-O d5 17. Ne2 Rfc8 18. Rdg1 c5 19. c3 dxe4 20. fxe4
Qb7 21. Bxg7 Kxg7 22. c4 Qxe4 23. Bc2 Qb7 24. b3 Rh8 25. Qc3+ Kh7 26. Qe5
f5 27. Nf4 Nxf4 28. Qxf4 Rbg8 29. Qg5 Bc6 30. Rh3 a5 31. h5 Qc7 32. Qf6
Qf4+ 33. Kb1 g5 34. h6 Qc7 35. Qxe6 Be4 36. Bxe4 fxe4 37. Rf1 Rf8 38. Qxe4+
1-0